| 000 | 00786cam a2200205 4500 | ||
|---|---|---|---|
| 001 | ABS61192 | ||
| 008 | 000000n1999 000 0 eng u | ||
| 035 | _a(Sirsi) u101784 | ||
| 100 | _aLong, M. | ||
| 245 | _aMedium-term investment outlook continues to look favourable. | ||
| 260 | _c1999 | ||
| 490 |
_aProperty Forecast _v2(9) September 1999, 5-6(2) |
||
| 520 | _aOverview of the commercial property investment market in 1999. Concludes that conditions are more favourable than they have been for the past ten years. | ||
| 650 | _aPROPERTY-COMMERCIAL PROPERTY-COMMERCIAL PROPERTY MARKET | ||
| 650 | _aEQUITY MARKET | ||
| 650 | _aBOND MARKET | ||
| 650 | _aINVESTMENT MARKET | ||
| 690 | _aPROPERTY-COMMERCIAL PROPERTY-COMMERCIAL PROPERTY FINANCE AND INVESTMENT | ||
| 942 | _n0 | ||
| 999 |
_c60897 _d60897 |
||